Un problema crucial (Record no. 148935)

MARC details
000 -LEADER
campo de control de longitud fija 00661nam a2200205 4500
001 - NÚMERO DE CONTROL
campo de control 148935
003 - IDENTIFICADOR DE NÚMERO DE CONTROL
campo de control ES-MaACL
005 - FECHA Y HORA DE LA ÚLTIMA TRANSACCIÓN
campo de control 20260201160229.0
007 - CAMPO FIJO DE DESCRIPCIÓN FÍSICA--INFORMACIÓN GENERAL
campo de control de longitud fija t|
008 - DATOS DE LONGITUD FIJA--INFORMACIÓN GENERAL
campo de control de longitud fija 070214s1963 sp r ||||1| spa d
100 1# - ENTRADA PRINCIPAL--NOMBRE DE PERSONA
Nombre de persona Suenens, Léon Joseph.
9 (RLIN) 108729
245 13 - MENCIÓN DEL TÍTULO
Título Un problema crucial
Resto del título : amor y dominio de sí mismo /
Mención de responsabilidad, etc. Léon Joseph Suenens ; versión de Luis de Aguirre.
260 ## - PUBLICACIÓN, DISTRIBUCIÓN, ETC.
Lugar de publicación, distribución, etc. Bilbao :
Nombre del editor, distribuidor, etc. Descleé de Brouwer,
Fecha de publicación, distribución, etc. 1963.
300 ## - DESCRIPCIÓN FÍSICA
Extensión 254 p. ;
Dimensiones 18 cm.
490 1# - MENCIÓN DE SERIE
Mención de serie De educación y familia
700 0# - ENTRADA AGREGADA--NOMBRE PERSONAL
Nombre de persona Aguirre, Luis de
9 (RLIN) 18836
830 0# - PUNTO DE ACCESO ADICIONAL DE SERIE-TÍTULO UNIFORME
Título uniforme De educación y familia
9 (RLIN) 221056
852 ## - LOCALIZACIÓN
Ubicación ES-MaACL
Número de control de estantería C-23213
Sublocalización o colección R.51950
Holdings
Estatus retirado Estado de pérdida Estado de daño No para préstamo Biblioteca de origen Biblioteca actual Ubicación en estantería Fecha de adquisición Fuente de adquisición Total de préstamos Signatura topográfica completa Código de barras Visto por última vez Precio de reemplazo Tipo de ítem Koha
        Biblioteca del Ateneo de Madrid Biblioteca del Ateneo de Madrid Depósito 2 17/01/2008     C-23213 1155420 23/02/2023 23/02/2023 Libro impreso